00318nam a2200121Ia 4500003000400000008004100004020002500045040000800070100002200078245004600100260004000146300001000186LDD181101s9999 xx 000 0 und d a9788175876507c99.00 cLDD aSuroor, Aal Ahmad 0aMusarrat se basirat takcAal Ahmad Suroor aNew DelhibMaktaba Jamia Ltd.c2011 a295p.